00672 2200229 4500001002100000005001500021020002200036035002400058040001200082082002100094084002100115090002100136100002000157245010300177260002700280300003200307504002700339650003300366700001500399850001200414990001600426YOGYA00000000010044420140823125624 a978-979-20-3255-3 0010-111300000000565 aYOPDYOG 2[22]aDEP 004.64 aDEP 004.64 Eko M aDEP 004.64 Eko M aEKO HARI ATMOKO aMembuat sendiri CCTV berkelas enterprise dengan biaya murahc/ Eko Hari Atmoko ; editor Hernita P. aYogyakartabAndic2012 av, 137 hlmb: ilusc; 23 cm aBibliografi: hlm [138] aPerangkat Keras ( Komputer ) aHernita P. aYOPDYOG a0993/B.2013